000 00571nam a2200241 a 4500
001 nice12345678
003 IN_TiNIC
005 20260116014244.0
008 050524s2004 hyda grp 000 0 urd
020 _a
_c200
082 0 0 _a297.7
_bHUS2
100 _aHusain, Murtaza
245 _aIman Ka Qurani Tasawur
260 _aHyderabad
_bHussami Book Depot
_c2004
300 _a339p
500 _aincludes index and biblioraphy
505 2 _arawna~
650 _aDawah-Islam
700 1 _aHusain, Murtaza
902 _bSRS
942 _cBK
999 _c14537
_d14537